Statistics for Huge "The Walking Dead" Characters Quiz

Click here to take the quiz!

General Stats

  • This quiz has been taken 15 times
    (7 since last reset)
  • The average score is 27 of 68

Answer Stats

HintAnswer% Correct
The Above's SonCarl Grimes
100%
The Above's 1/2 SisterJudith Grimes
100%
The Above's WifeLori Grimes
100%
The Main Protagonist Of The ShowRick Grimes
100%
The Above's 1/2 SisterBeth Green
75%
The Old Lady Whose Husband Was EdCarol Peletier
75%
The RV ManDale
75%
Badass With The CrossbowDaryl Dixon
75%
The Cannibal Leader Of TerminusGareth
75%
Asian Pizza Boy Who Saved The Main Protagonist From The TankGlenn Rhee
75%
The Veterinarian Who Saves The Main Protagonists SonHershel Green
75%
Black Woman Who Stayed With HerJacqui
75%
Country Girl Who Eventually Marries The Asian Pizza BoyMaggie Rhee
75%
The Above's Racist BrotherMerle Dixon
75%
Girl With A Katana Who We Meet In Season 3Michonne
75%
Boy That Bet Meets In That HospitalNoah
75%
Man Who Shot The Main Protagonists Son Whilst He Was Looking At A DeerOtis
75%
The Main Protagonists Best Friend Who Screwed His WifeShane Walsh
75%
The Main Antagonist In Seasons 3-4The Governor
75%
The Above's Sister Who Died On Her BirthdayAmy
50%
The Blond Headed Woman Who Could've Killed The Governor Twice But Didn'tAndrea
50%
The Cop Who Leads The Hospital That Beth Is InDawn
50%
The Above's SonDuane Jones
50%
CDC DoctorEdwin Jenner
50%
The Scientist Who Says He Has A Cure For The Zombie Apocalypse But Doesn'tEugene Porter
50%
The Priest Who The Group SavesGabriel
50%
The Leader Of A Group Who Gets Things By "Claiming Them"Joe
50%
Man Who Saves The Main Protagonist From The WalkersMorgan Jones
50%
The Above's Daughter Who Was Found In A Barn As A WalkerSophia Peletier
50%
His Real Name Is Theadore DouglasT- Dog
50%
The Recruiter Of AlexandriaAaron
25%
Red Headed Army Sergeant With A Mustache That Needs To Be ShavedAbraham Ford
25%
The Above's SonCoco
25%
Leader Of AlexandriaDeanna
25%
The Above's GirlfriendEnid
25%
The Recruiter Of Alexandria's BoyfriendEric
25%
The Above's Adopted DaughterGracie
25%
The Leader Of The HilltopGregory
25%
Trash Lady Who Betrays The Main Protagonist During The War With The SaviorsJadis
25%
The Leader Of The KIngdom's Righthand Man With A Battle AxeJerry
25%
The Blondie Whose Husband Beats HerJessie
25%
The Above's Baseball Bat's NameLucille
25%
The Above's Scientist Friend Whom He KillsMilton
25%
The Leader Of The SaviorsNegan Smith
25%
The Above's HusbandPete
25%
The Above's HusbandReg
25%
The Above's Other BrotherRJ Grimes
25%
The Above's Bratty BrotherRon
25%
His Annoying Little SonSam
25%
The Above's SisterSasha Williams
25%
The Above's Tiger's NameShiva
25%
Man Who The Main Protagonists Son Sacrifices His Life To Save Who Dies A Season LaterSiddiq
25%
Played By The Guy Who Plays Trevor In GTA 5Simon
25%
Leader Of Alexandria's Son Who Gets GuttedSpencer
25%
The Man We Meet Whose Girlfriend Gets BurnedTyreese Williams
25%
The Leader Of The WhisperersAlpha
0%
The Leader Of The Whisperers Righthand ManBeta
0%
Fat Lady In Charge Of Rations At AlexandriaDenise
0%
Leader Of The KingdomKing Ezekiel
0%
The Leader Of The Commonwealth's Righthand Man. (I think)Lance Hornsby
0%
The Above's DaughterLydia
0%
The Military Leader Of The Commonwealth Dressed In OrangeMercer
0%
The Leader Of The CommonwealthPamela Milton
0%
The Above's WifePatricia Green
0%
The Man Whose Nickname Is JesusPaul Rovia
0%
Mexican Girl Who The Group Meets In An Abandoned CityPrincess
0%
The Above's GirlfriendRosita Espanosa
0%
The Above's SonSebastian Milton
0%

Score Distribution

Percentile by Number Answered

Percent of People with Each Score

Your Score History

You have not taken this quiz since the last reset